| 000 | 00443nam a2200145Ia 4500 | ||
|---|---|---|---|
| 008 | 151021s9999 xx 000 0 und d | ||
| 020 | _a471058262 | ||
| 050 | _aBF 698 .P375 1980 | ||
| 245 | _a_Personality;Theory, Assessment, and Research(3rd ed) | ||
| 260 |
_aU.S.A John Wiley _ Sons 1980 |
||
| 500 | _aIncludes Index | ||
| 500 | _aIncludes Index | ||
| 650 | _a_cognitive Theory of Personality | ||
| 980 | _a^d20120828 05:31:57^okorir | ||
| 999 |
_c12610 _d12610 |
||